000 00314 a2200109 4500
020 _a9788173199394
082 _a624.171 MEN
100 _aMenon,Devdas
245 _aAdvanced Structural Analysis /
_cDevdas Menon
260 _aNew Delhi :
_cNarosa Publishing House,
_b2009.
300 _axiv,685p. :
_bill. '
_c25 cm
650 _astructural analysis
999 _c915
_d915